00665nam a22002177a 4500003000500000005001700005008004100022010001000063011001000073035001000083040000900093100002200102245013000124500006300254650003100317650001100348650001300359650002700372700002700399700002100426CHAP20220329140958.0971013s r 00010 d a60824 a61796 a65964 cCHAP00aMorard, Philippe. aAssessment of the availability of ions to plant roots from the determination of their chemical activity in nutrient solutions aSobretiro de: J. of Plant Nutrition 10 (5) : 539-551, 198714aAbsorción (Fisiología)14aIones.14aRaíces14aSoluciones nutritivas.0 aAnglard, Marie Pierre.0 aValles, Vincent.